Statistics for World Capitals in Alphabetic Order

Click here to take the quiz!

General Stats

  • This quiz has been taken 50 times
  • The average score is 128 of 205

Answer Stats

capital% Correct
Budapest
94%
Amsterdam
91%
Bangkok
91%
Bogotá
91%
Brasília
91%
Cairo
91%
Berlin
88%
Ankara
85%
Bucharest
85%
London
85%
Oslo
85%
Abu Dhabi
82%
Addis Ababa
82%
Astana
82%
Baghdad
82%
Baku
82%
Beijing
82%
Bern
82%
Buenos Aires
82%
Canberra
82%
Copenhagen
82%
Dublin
82%
Madrid
82%
Ottawa
82%
Pretoria /
Cape Town /
Bloemfontein
82%
Washington
82%
Zagreb
82%
Accra
79%
Athens
79%
Bratislava
79%
Lima
79%
Lisbon
79%
Tokyo
79%
Wellington
79%
Algiers
76%
Asunción
76%
Brussels
76%
Helsinki
76%
Mexico City
76%
Moscow
76%
Paris
76%
Pyongyang
76%
Reykjavík
76%
Rome
76%
Seoul
76%
Ulaanbaatar
76%
Vienna
76%
Doha
73%
Havana
73%
Santiago
73%
Singapore
73%
Sofia
73%
Stockholm
73%
Warsaw
73%
Antananarivo
70%
Bandar Seri
Begawan
70%
Beirut
70%
Belgrade
70%
Caracas
70%
Hanoi
70%
Jakarta
70%
Kingston
70%
Kuala Lumpur
70%
Luxembourg
70%
Manila
70%
Panama City
70%
Port-au-Prince
70%
Riga
70%
Tehran
70%
Vilnius
70%
Amman
67%
Andorra la Vella
67%
Asmara
67%
Chișinău
67%
Dakar
67%
Dhaka
67%
Djibouti
67%
Islamabad
67%
Jerusalem
67%
Kathmandu
67%
Kinshasa
67%
Kuwait City
67%
Kyiv
67%
La Paz / Sucre
67%
Montevideo
67%
Nairobi
67%
New Delhi
67%
Nicosia
67%
Phnom Penh
67%
Port Moresby
67%
Ramallah /
East Jerusalem
67%
Riyadh
67%
Tallinn
67%
Tbilisi
67%
Tunis
67%
Vatican City
67%
Abuja
64%
Damascus
64%
Freetown
64%
Georgetown
64%
Guatemala City
64%
Mogadishu
64%
Nassau
64%
Port Louis
64%
Prague
64%
Taipei
64%
Thimphu
64%
Vientiane
64%
Yerevan
64%
Dili
61%
Dushanbe
61%
Kabul
61%
Kingstown
61%
Libreville
61%
Lusaka
61%
Manama
61%
Maseru
61%
Monaco
61%
Muscat
61%
Pristina
61%
Rabat
61%
Sarajevo
61%
Skopje
61%
Tirana
61%
Tripoli
61%
Valletta
61%
Ashgabat
58%
Bamako
58%
Bangui
58%
Banjul
58%
Belmopan
58%
Bishkek
58%
Brazzaville
58%
Bridgetown
58%
Colombo
58%
Dodoma
58%
Gaborone
58%
Kampala
58%
Khartoum
58%
Ljubljana
58%
Lomé
58%
Minsk
58%
Naypyidaw
58%
Podgorica
58%
Port-of-Spain
58%
Santo Domingo
58%
Vaduz
58%
Apia
55%
Bissau
55%
Conakry
55%
Funafuti
55%
Harare
55%
Juba
55%
Malé
55%
Nuuk
55%
Porto-Novo /
Cotonou
55%
San Marino
55%
Tashkent
55%
Victoria
55%
Basseterre
52%
Castries
52%
Gitega
52%
Kigali
52%
Luanda
52%
Maputo
52%
Monrovia
52%
Ouagadougou
52%
Paramaribo
52%
Quito
52%
San Salvador
52%
Suva
52%
Tegucigalpa
52%
Lilongwe
48%
Managua
48%
Mbabane
48%
N'Djamena
48%
Niamey
48%
Nouakchott
48%
Praia
48%
Saint George's
48%
Saint John's
48%
San José
48%
Yaoundé
48%
Malabo
45%
Moroni
45%
Nukuʻalofa
45%
Palikir
45%
Roseau
45%
Sana'a
45%
São Tomé
45%
Windhoek
45%
Yamoussoukro
45%
Honiara
42%
Majuro
42%
Port Vila
42%
South Tarawa
42%
Yaren
42%
Ngerulmud
36%
Tórshavn
15%
Alofi
12%
Avarua
12%
Oranjestad
12%
Willemstad
12%
El-Aaiún /
Tifariti
9%
Philipsburg
9%

Score Distribution

Percentile by Number Answered

Percent of People with Each Score

Your Score History

You have not taken this quiz